000 00421nam a2200157Ia 4500
005 20250409143616.0
008 231217s9999 xx 000 0 und d
020 _a9788131707432
082 _a001.6424MAT HAN1;18
100 _aHanselman, Duane. Littlefield, Bruce.
245 0 _aMastering MATLAB 7
260 _c2005
_bDorling Kindersley
_aNew Delhi
300 _a864
650 _aMastering,MATLAB,7
942 _cAA
999 _c195706
_d195706